Diccionario italiano-español
Đã lưu trong:
| Tác giả chính: | |
|---|---|
| Định dạng: | Sách |
| Ngôn ngữ: | Undetermined |
| Được phát hành: |
Barcelona, España
Ediciones Hymsa
1968
|
| Phiên bản: | 10 edición |
| Những chủ đề: | |
| Các nhãn: |
Thêm thẻ
Không có thẻ, Là người đầu tiên thẻ bản ghi này!
|
MARC
| LEADER | 00000nam a2200000Ia 4500 | ||
|---|---|---|---|
| 008 | 170316s9999 xx 000 0 und d | ||
| 040 | |a cru BVZT | ||
| 090 | |a R-413 O-1d ITA-ESP | ||
| 100 | |a Ortiz de Burgos, José | ||
| 245 | |a Diccionario italiano-español |c José Ortiz de Burgos | ||
| 250 | |a 10 edición | ||
| 260 | |a Barcelona, España | ||
| 260 | |b Ediciones Hymsa | ||
| 260 | |c 1968 | ||
| 300 | |a 415 páginas | ||
| 500 | |a En el lomo: Diccionarios Cuyás | ||
| 650 | |a REFERENCIA |9 27 | ||
| 650 | |a DICCIONARIO |9 28 | ||
| 650 | |a ITALIANO-ESPAÑOL |9 29 | ||
| 650 | |a NOTAS GRAMÁTICALES | ||
| 650 | 0 | |a NEOLOGISMOS |9 30 | |
| 650 | 0 | |a DICCIONES-FIGURADAS |9 31 | |
| 650 | 0 | |a MODISMOS |9 32 | |
| 650 | 0 | |a SÍNTESIS-GRAMÁTICALES |9 33 | |
| 942 | |c REF |2 z |j REF | ||
| 999 | |c 15078 |d 15078 | ||
